Detalles MARC
| 000 -LÍDER |
| Campo fijo de descripción fija |
02032aam a2200385 i 4500 |
| 001 - NÚMERO DE CONTROL |
| Campo de control |
768714001 |
| 003 - IDENTIFICADOR DEL NÚMERO DE CONTROL |
| Campo de control |
CO-MdFUSB |
| 005 - FECHA Y HORA DE LA ULTIMA TRANSACCIÓN |
| control field |
20250429151515.0 |
| 007 - CAMPO FIJO DE DESCRIPCIÓN FIJA--INFORMACIÓN GENERAL |
| Campo fijo de descripción fija |
ta |
| 008 - ELEMENTOS DE LONGITUD FIJA -- INFORMACIÓN GENERAL |
| Campo fijo de descripción fija -- Información general |
231004t19821988flu||||g |||| 00| 0 spa d |
| 020 ## - NÚMERO INTERNACIONAL NORMALIZADO PARA LIBROS |
| Número Internacional Normalizado del libro |
082970996 |
| Información adicional |
7 |
| 040 ## - FUENTE DE CATALOGACIÓN |
| Agencia de catalogación original |
CO-MdFUSB |
| Idioma de catalogación |
spa |
| Agencia que realiza la transcripción |
CO-MdFUSB |
| Agencia que realiza la modificación |
CO-MdFUSBC |
| Convenciones de la descripción |
rda |
| 041 ## - CÓDIGO DE IDIOMA |
| Código de idioma para texto/pista de sonido o título separado |
spa |
| Código de idioma original |
eng |
| 082 ## - NÚMERO DE CLASIFICACIÓN DECIMAL DEWEY |
| Número de la edición del Dewey |
23 |
| Número de clasificación |
239 |
| Clave de autor-Numero de item |
OT88 |
| 100 ## - ASIENTO PRINCIPAL--NOMBRE PERSONAL |
| Nombre personal |
McDowell, Josh, |
| Término relacionador |
autor |
| 240 ## - TITULO UNIFORME |
| Título uniforme |
<a href="Understanding the cults ">Understanding the cults </a> |
| 245 ## - TÍTULO |
| Título del Material |
Estudio de las sectas |
| Mención de responsabilidad, etc. |
/ Josh McDowell , Don Stewart ; traducido por M. Francisco Liévano R |
| 250 ## - MENCIÓN DE EDICIÓN |
| Mención de edición |
edición en idioma español |
| 264 #1 - PRODUCCIÓN, PUBLICACIÓN, DISTRIBUCIÓN, MANUFACTURA, Y COPYRIGHT |
| Lugar de producción, publicación, distribución, manufactura |
Deerfield, Florida : |
| Nombre del productor, publicador, distribuidor |
Vida, |
| Fecha de producción, publicación, distribución, manufactura, o copyright |
[1982] |
| 264 #4 - PRODUCCIÓN, PUBLICACIÓN, DISTRIBUCIÓN, MANUFACTURA, Y COPYRIGHT |
| Fecha de producción, publicación, distribución, manufactura, o copyright |
©1988 |
| 300 ## - DESCRIPCIÓN FÍSICA |
| Extensión |
167 páginas |
| Dimensiones |
; 22 cm |
| 336 ## - TIPO DE CONTENIDO |
| Fuente |
rdacontent |
| Término de tipo de contenido |
texto |
| Código de tipo de contenido |
txt |
| 337 ## - TIPO DE MEDIO |
| Fuente |
rdamedia |
| Nombre del tipo de medio |
sin mediación |
| Código del tipo de medio |
n |
| 338 ## - TIPO DE SOPORTE |
| Fuente |
rdacarrier |
| Nombre del tipo de soporte |
volumen |
| Código Tipo de soporte |
nc |
| 504 ## - NOTA DE BIBLIOGRAFÍA, ETC. |
| Nota de bibliografía, etc |
Incluye índice |
| 505 ## - NOTA DE CONTENIDO |
| Nota de contenido con formato preestablecido |
1. ¿Que es una secta? -- 2. Características de las sectas -- 3. Las creencias del cristianismo ortodoxo -- 4. La secta Hare Krishna -- 5. Los testigos de Jehová -- 6. El mormonismo -- 7. La meditación trascendental -- 8. La teosofía -- 9. El est -- 10. Los niños de Dios -- 11. La Iglesia de la unificación: "los moonies" -- 12. El camino internacional -- 13. La Iglesia universal de Dios -- 14. La Ciencia Cristiana -- 15. La unidad. |
| 520 ## - NOTA DE RESUMEN, ETC. |
| Nota de sumario, etc. |
La "sana doctrina" de los evangélicos es lo suficientemente vigorosa para hacer frente al desafío que representa las doctrinas falsas de la actualidad. La presente obra aporta argumentos útiles para tal confrontación. El estudio de las sectas de Josh McDowell y Don Stewart es una verdadera guía sobre las falsas creencias religiosas que han surgido en los últimos años. Armados con las enseñanzas presentadas en este manual, podemos "pelear la buena batalla de la Fe". |
| 563 ## - NOTA DE ENCUADERNACIÓN |
| Nota de encuadernación |
Rústico |
| 650 #7 - ASIENTO SECUNDARIO DE MATERIA - TERMINO TEMÁTICO |
| 9 (RLIN) |
385 |
| Término temático o nombre geográfico como elemento de entrada |
Religión |
| 650 #0 - ASIENTO SECUNDARIO DE MATERIA - TERMINO TEMÁTICO |
| 9 (RLIN) |
1218 |
| Término temático o nombre geográfico como elemento de entrada |
Sectas |
| 700 ## - ASIENTO SECUNDARIO - NOMBRE PERSONAL |
| 9 (RLIN) |
8603 |
| Nombre personal |
Stewart, Don, |
| Responsabilidad |
autor |
| 700 ## - ASIENTO SECUNDARIO - NOMBRE PERSONAL |
| 9 (RLIN) |
2192 |
| Nombre personal |
Liévano, M. Francisco. |
| Responsabilidad |
traductor |
| 942 ## - TIPO DE MATERIAL (KOHA) |
| Tipo de Item KOHA |
Libros General |
| 945 ## - INFORMACIÓN LOCAL DEL REGISTRO |
| Catalogador |
sor1564 |